Irrigation requirement of rubber trees (Hevea brasiliensis) in the subhumid tropics (Record no. 51846)

MARC details
000 -LEADER
fixed length control field 00813nam a2200289Ia 4500
100 ## - MAIN ENTRY--AUTHOR NAME
Personal name Vijayakumar K.R.
245 #0 - TITLE STATEMENT
Title Irrigation requirement of rubber trees (Hevea brasiliensis) in the subhumid tropics
260 ## - PUBLICATION, DISTRIBUTION, ETC. (IMPRINT)
Name of publisher Agricultural Water Management
Year of publication 1998
300 ## - PHYSICAL DESCRIPTION
Number of Pages 245-259
650 ## - SUBJECT ADDED ENTRY--TOPICAL TERM
Topical Term Basin irrigation
650 ## - SUBJECT ADDED ENTRY--TOPICAL TERM
Topical Term Crop coefficient
650 ## - SUBJECT ADDED ENTRY--TOPICAL TERM
Topical Term Drip irrigation
650 ## - SUBJECT ADDED ENTRY--TOPICAL TERM
Topical Term Irrigation
650 ## - SUBJECT ADDED ENTRY--TOPICAL TERM
Topical Term Photosynthesis
650 ## - SUBJECT ADDED ENTRY--TOPICAL TERM
Topical Term Plant water status
650 ## - SUBJECT ADDED ENTRY--TOPICAL TERM
Topical Term Soil moisture stress
650 ## - SUBJECT ADDED ENTRY--TOPICAL TERM
Topical Term Water requirement
650 ## - SUBJECT ADDED ENTRY--TOPICAL TERM
Topical Term Water use efficiency
700 ## - ADDED ENTRY--PERSONAL NAME
Personal name Chandrashekar T.R.
700 ## - ADDED ENTRY--PERSONAL NAME
Personal name Devakumar A.S.
700 ## - ADDED ENTRY--PERSONAL NAME
Personal name Dey S.K.
700 ## - ADDED ENTRY--PERSONAL NAME
Personal name Mohankrishna T.
700 ## - ADDED ENTRY--PERSONAL NAME
Personal name Rao P.S.
700 ## - ADDED ENTRY--PERSONAL NAME
Personal name Sethuraj M.R.
942 ## - ADDED ENTRY ELEMENTS (KOHA)
Koha item type Bibliography STAF
Holdings
Withdrawn status Lost status Damaged status Not for loan Home library Current library Date acquired Serial Enumeration / chronology Koha item type
      Bibliography RRII Library RRII Library 09/04/2014 Volume 35, Issue Bibliography STAF